| 000 | 00487cam a2200145Ki 4500 | ||
|---|---|---|---|
| 082 | 0 | 4 |
_a971 _bBOU |
| 100 | 1 |
_aBourinot, John George, _949420 |
|
| 245 | 1 | 0 |
_aCanada _cby J.G. Bourinot. |
| 260 |
_aLondon : _bT. Fisher Unwin ; _aNew York : _bG.P. Putnam's Sons, _c1897. |
||
| 300 |
_axx, 463 p. : _bill., maps, ports. ; _c20 cm. |
||
| 526 |
_a0 _b0 _c0 _d971_000000000000000_BOU |
||
| 650 |
_aMCE _9379 |
||
| 856 | 4 | 0 | _uhttp://catalog.hathitrust.org/api/volumes/oclc/2622280.html |
| 942 |
_2ddc _cBK |
||
| 999 |
_c552206 _d552206 |
||